00514nam a2200193 a 4500001001300000003000900013005001700022008004100039020002300080082001300103100001600116245005400132260004400186300000900230500003500239505001000274650002000284700001600304nice12345678IN_TiNIC20260116012745.0050524s1993 lona grp 000 0 eng  a0192723 c10000a425bHOR aHornby, A S aGuide to Patterns and Usage in English(second Edn aLondan bOxford University Press c1993 a238p aincludes index and biblioraphy2 aIndex aEnglish-Grammar1 aHornby, A S